000 00603nam a22001697a 4500
020 _qHard Cover.
082 _a621.3
100 _aSyed Ali Ahsan Rizvi, M.Maaz Khan, Mudassir Waheed
245 _aSMART ECG MACHINE /
_cSyed Ali Ahsan Rizvi, M.Maaz Khan, Mudassir Waheed
260 _aIslamabad :
_bSEECS - NUST,
_c2014.
300 _a57 p. : ill. ;
_c30cm.
650 _aElectrical Engineering-Project Report
_930780
700 _aDr. Rehan Hafiz.
_919620
856 _uhttp://10.250.8.41:8080/xmlui/handle/123456789/9698
942 _2ddc
_cPR
999 _c536196
_d536196